000 00314nam a22001457a 4500
008 210429b ||||| |||| 00| 0 eng d
020 _a0314068023
041 _aeng
080 _a33
082 _a33
100 _a58
101 _aBIZ
245 _aEthics in the Workplace
_cRobert A. Larmer
942 _2udc
_cBK
999 _c56974
_d56974